00457nam a2200133 a 45000010005000000030005000050050017000100080041000270200015000680400026000831000036001092450081001452600097002263184CDMR20131007170534.0130130s1981||||||||||||||||||||||||||||d a8450049474 aCDMRbcatcCPC GIRONA1 aMiralpeix Ballús, Concepció13aLa premsa de la ciutat de Vic al segle XIXcper Concepcio Miralpeix i Ballus c1981bGeneralitat de Catalunya. Departament de Cultura i Mitjans de ComunicacióaBarcelona